Etnické a náboženské konflikty v Európe (prípadová štúdia: Bosna a Hercegovina) diplomová práca

Salvato in:
Dettagli Bibliografici
Autore principale: Hofierková, Lucia
Ente Autore: Fakulta medzinárodných vzťahov EU. Katedra medzinárodných politických vzťahov
Altri autori: Kucharčík, Rudolf, 1977-
Natura: Libro
Lingua:slovacco
Pubblicazione: Bratislava 2013
Tags: Aggiungi Tag
Nessun Tag, puoi essere il primo ad aggiungerne!!

MARC

LEADER 00000nbm a2200000 4500
001 0170651
005 20161109102401.0
041 0 |a slo 
044 |a SK 
245 1 0 |a Etnické a náboženské konflikty v Európe (prípadová štúdia: Bosna a Hercegovina)  |b diplomová práca  |c Lucia Hofierková ; školiteľ: Rudolf Kucharčík 
264 1 |a Bratislava  |c 2013 
300 |a 72 s. 
100 1 |a Hofierková, Lucia 
700 1 |a Kucharčík, Rudolf, 1977- 
710 2 |a Fakulta medzinárodných vzťahov EU. Katedra medzinárodných politických vzťahov